00554nam a2200121 a 450000100100000000500170001000800410002704000250006808200160009324501860010926001030029530000340039800002776020200930031056.0110404s2004 dr ac 000 0 spa d aDO-SdBNPbspacBNPHU axxxxbC737e00aCompartiendo experiencias 2001-2003 :bdocumento de sistematización de experiencias del Programa de Pequeños Subsidios durante los años 2001-2003 en la República Dominicana. aSanto Domingo :bPrograma de Pequeños Subsidios del Fondo para el Medio Ambiente Mundial,c2004. a56 p. :bil., retr. ;c29 cm.